NHL All Time wins (goalie) - Statistics

General Stats
  • This quiz has been taken 3,309 times
    2,014 since last reset
  • The average score is 10 of 25
Answer Stats
Wins Answer % Correct
1. 691 Martin Brodeur
93%
2. 551 Patrick Roy
91%
14. 389 Dominik Hasek
80%
11. 404* Marc-Andre Fleury
72%
4. 471* Roberto Luongo
62%
8. 431* Henrik Lundqvist
58%
7. 437 Jacques Plante
54%
3. 484 Ed Belfour
53%
12. 403 Grant Fuhr
53%
5. 454 Curtis Joseph
41%
6. 447 Terry Sawchuk
40%
13. 401 Chris Osgood
37%
18. 370* Ryan Miller
37%
9. 423 Tony Esposito
37%
15. 385 Mike Vernon
29%
10. 407 Glenn Hall
26%
19. 369 Tom Barrasso
22%
17. 372 Andy Moog
20%
21. 353 Evgeni Nabokov
20%
16. 374 John Vanbiesbrouck
20%
23. 333 Nikolai Khabibulin
16%
20. 355 Rogie Vachon
15%
22. 335 Gump Worsley
11%
25. 324 Sean Burke
7%
24. 330 Harry Lumley
4%
No matching quizzes found
Score Distribution
Percent of People with Each Score
Percentile by Number Answered
Your Score History
You have not taken this quiz since the last reset